Регионална библиотека "Любен Каравелов" - Русе

Америка (Запис номер 432247)

MARC детайли
000 -Лидер
Контролно поле с фиксирана дължина nam a22 a 4500
003 - Код на организацията, давaща контролен номер
Контролно поле BLK
005 - Дата и час на последна редакция
Контролно поле 20210917143144.0
008 - Елементи от данни с фиксирана дължина
fixed length control field 200316b bul|||||r ||||||| ||bul||
040 ## - Източник на каталожния запис
Идентификатор на билиотеката - собственик на записа BLK
041 ## - Код за език
Код за езика на текст/звукозапис или на отделно заглавие Руски
Код за езика КДБФ Руски
080 ## - УДК
Текстов определител УДК География на САЩ
УДК код - определител по УДК 913(73)
УДК - код + определител 913(73)
139 ## - Редно поле
Редна дума Америка
245 10 - Сведения за заглавието
Заглавие Америка
Подзаглавни данни Иллюстрированный географический сб.
Редно поле (дума) Состав. А. Крубером, С. Григорьевым, А. Барковым, С. Чефрановым
250 ## - Област на изданието
Сведения за изданието 3. испр и доп. изд.
260 ## - Област на издателските данни
Място на издаване, разпространение и проч. Москва
Име на издателя, разпространителя и проч. типо-лит. т-ва И. Н. Кушнерев и К°
Година на издаване 1909
9 (RLIN) 435310
300 ## - Физическа характеристика
Страници VI, [2], 440 с.
Размери/Мащаб 24 см
Илюстрации и др. с ил.
380 ## - Жанр
Жанр География
650 #0 - Допълнително описание по предмет – тема
Основно описание – тема или топоним Америка - география
9 (RLIN) 318301
653 #7 - Ключова дума – ненормативна
9 (RLIN) 183938
Ключова дума география
700 ## - Други автори (авторска отговорност)
Лично име Крубер, Александр Александрович
Автороска отговорност (Описва отношението между автора и произведението) состав.
9 (RLIN) 1412
700 ## - Други автори (авторска отговорност)
Лично име Григорьев, Сергей Григорьевич
Автороска отговорност (Описва отношението между автора и произведението) состав.
9 (RLIN) 1412
700 ## - Други автори (авторска отговорност)
Лично име Барков, Александр Сергеевич
Автороска отговорност (Описва отношението между автора и произведението) состав.
9 (RLIN) 1412
700 ## - Други автори (авторска отговорност)
Лично име Чефранов, Сергей Васильевич
Автороска отговорност (Описва отношението между автора и произведението) состав.
9 (RLIN) 1412
852 ## - Местоположение
Форматна сигнатура Цб 9.235.48771
Фондова буква Основен фонд - ползва се само за читалня
999 ## - СИСТЕМНИ КОНТРОЛНИ НОМЕРА
Koha biblionumber 432247
Koha biblioitemnumber 432247
942 ## - АРТИКУЛИ
Вид на библиотечния материал Книги
Скрит в OPAC Не
Периодичен библиозапис Да
944 ## - СЪЗДАВАНЕ И РЕДАКЦИЯ на ЗАПИСА
Създаване/Редакция Създаване
Дата на регистрацията/редакция 2021-09-17
Служител, извършил регистрацията/редакцията К.Д.
Наличности
Код за отписване Код за изгубен артикул Източник на класификационната схема Код за повреда Коз за рестрикции Код за отдаване Артикулен № Име на библиотеката - собственик Име на библиотеката, в която се намира в момента Статус (Текущо местоположение) Дата на вписване в системата Местоположение - отдел Цена в лева Инвентарен номер Систематично азбучна сигнатура Баркод Цена в евро Служебен тип на артикула
  Не е изгубен Universal Decimal Classification Не е повреден само за читалня ползва се в читалня 853514 Регионална библиотека "Любен Каравелов" Русе Регионална библиотека "Любен Каравелов" Русе Хранилище 2021-09-20 Основен фонд - ползва се само за читалня 1.28 13529/58 Цб 9.235.48771 900000078866 0.65 Книги
Vip Innovations Ltd, Rousse, Bulgaria 2025